Cinéma par lettre - B - Statistiques

Statistiques générales
  • Ce quiz a été pris 299 fois
  • Le résultat moyen est 15 sur 20
Statistiques - réponses
Questions Réponses % Correct
Quel super-héros a été interprété au cinéma par Christian Bale ou encore Ben Affleck ? Batman
98%
Quel personnage tout de jaune vêtu a été interprété par Jean Dujardin au cinéma ? Brice de Nice
95%
Quelle actrice française, icône française des années 1960 est surnomée BB ? Brigitte Bardot
93%
Quel film raconte l'histoire d'un marseillais muté dans le Nord contre son gré mais se liant d'amitié avec ses collègues de La Poste ? Bienvenue chez les Ch'tis
92%
Quel film de 2018 retrace la carrière de Queen et de Freddie Mercury ? Bohemian Rhapsody
88%
Quelle série télévisée américaine met en scène Walter White, un célèbre chimiste américain ? Breaking Bad
84%
Quel acteur et chanteur français a formé un duo avec Louis de Funes dans "Le Corniaud" et "La Grande Vadrouille" ? Bourvil
83%
Quel film sorti en 2023 met en scène Margot Robbie aux côtés de Ryan Gosling ? Barbie
82%
Quelle actrice et mannequin italienne a partagé la vie de Vincent Cassel pendant 14 ans ? Monica Bellucci
81%
Quel film émouvant raconte l'histoire d'un petit garçon tentant de protéger un chien, accusé de tuer les moutons d'un village des Alpes ? Belle et Sébastien
80%
Quel acteur a réalisé ce film ? Dany Boon
80%
Quel acteur français, membre des Inconnus, a joué dans "Le Pari" et "Les Trois Frères" aux côtés de Bernard Campan et Pascal Légitimus ? Didier Bourdon
76%
Quel film de 2018 met en scène T'Challa, revenant dans sa nation pour devenir roi du Wakanda suite à la mort de son père ? Black Panther
74%
Quel acteur français a joué dans "Le Professionnel" et "Le Marginal" ? Jean-Paul Belmondo
72%
Quel film met en scène Kevin Costner, jouant le rôle de garde du corps de Whitney Houston ? Bodyguard
64%
Quel film avec Mel Gibson retrace l'histoire de William Wallace, héros écossais luttant contre les offensives anglaises ? Braveheart
62%
Quel acteur américain, immense star du cinéma, a joué dans "Le Parrain" et "Un Tramway nommé désir" ? Marlon Brando
58%
Quel acteur britannique a joué dans "Le Seigneur des anneaux" et "Pirates des Caraïbes" ? Orlando Bloom
58%
Quel acteur mort en 2021, a joué dans "Didier" et "Un Air de famille" ? Jean-Pierre Bacri
49%
Quelle actrice interprète Larmina dans le film "OSS 117: Le Caire nid d'espions" ? Bérénice Bejo
45%
Aucun quiz correspondant
Distribution des résultats
% des personnes avec chaque résultat
Percentile par nombre de réponses
Votre historique - résultats
Vous n’avez pas pris ce quiz